怎样使用INTERNET (Record no. 10419)

000 -LEADER
fixed length control field 00461nam a22001817a 4500
003 - CONTROL NUMBER IDENTIFIER
control field MPLRDC
005 - DATE AND TIME OF LATEST TRANSACTION
control field 20220104123324.0
008 - FIXED-LENGTH DATA ELEMENTS--GENERAL INFORMATION
fixed length control field 210129b ||||| |||| 00| 0 eng d
020 ## - INTERNATIONAL STANDARD BOOK NUMBER
International Standard Book Number 7-5053-2745-3
082 ## - DEWEY DECIMAL CLASSIFICATION NUMBER
Classification number 312.9165 BUT 1994
100 ## - MAIN ENTRY--PERSONAL NAME
Personal name MARK BUTLER
245 ## - TITLE STATEMENT
Title 怎样使用INTERNET
Statement of responsibility, etc. 曲长俊译
250 ## - EDITION STATEMENT
Edition statement 一版三刷
260 ## - PUBLICATION, DISTRIBUTION, ETC.
Place of publication, distribution, etc.
Name of publisher, distributor, etc. 电子工业出版社
Date of publication, distribution, etc. 1995
300 ## - PHYSICAL DESCRIPTION
Other physical details
650 ## - SUBJECT ADDED ENTRY--TOPICAL TERM
Topical term or geographic name entry element 广域网路
942 ## - ADDED ENTRY ELEMENTS (KOHA)
Koha item type Book
-- 312.9165 BUT 1994
Holdings
Withdrawn status Lost status Source of classification or shelving scheme Damaged status Not for loan Collection code Home library Current library Shelving location Date acquired Cost, normal purchase price Total Checkouts Full call number Barcode Date last seen Date last checked out Price effective from Koha item type Public note
            Malaysian Public Library, Research and Development Centre Malaysian Public Library, Research and Development Centre   10/12/2007 18.00   312.9165 BUT 1994 00010432 17/03/2021 12/07/2016 17/03/2021 Book mplrdc

© 2022. Malaysian Public Library, Research and Development Centre. All Right ReservedE-mailmplrdc@help.edu.my 

Powered by Koha